01605nam a2200337 a 450000100060000000300080000600500170001400800410003102000460007203500190011804000270013704100110016408200270017511101040020224501830030626000570048930000180054649000600056450000190062450000260064350400410066950500200071065000550073065000630078571000480084883000680089694200120096499900170097695201370099395201370113073317BD-RjUL20211209082358.0170530s1978 au a b 100 0 eng d a9200500781 (v. 1) :c$39.00 (U.S.) (v. 1) a(BD-RjUL)73535 aDLCcDLCdBD-RjULbeng0 aengfre00a621.4832223bREL 19782 aSymposium on Application of Reliability Technology to Nuclear Power Plants,cVienna,d1977.921688010aReliability Problems of Reactor Pressure Components :bproceedings of a Symposium on ... organized by the International Atomic Energy Agency and held in Vienna, 10-13 Oct. 1977 / aVienna :bInternational Atomic Energy Agency,c1978. a V. ;c24 cm.1 aProceedings series - International Atomic Energy Agency a"STI/PUB/467". aIn English or French. aIncludes bibliographical references.0 aV.1 --- V.2 --- 0aNuclear reactorsxReliabilityxCongresses.9216874 0aNuclear pressure vesselsxReliabilityxCongresses.92168752 aInternational Atomic Energy Agency.9153559 0aProceedings series (International Atomic Energy Agency)9200998 2ddccBK c73317d73317 00102ddc40718NFICaRUCLbRUCLcReadingd1978-09-23eR.U.C.L.l0o621.4832 REL V-1 1978r2017-05-30 00:00:00tC-1w2017-05-30yBK 00102ddc40718NFICaRUCLbRUCLcReadingd1979-02-06eR.U.C.L.l0o621.4832 REL V-2 1978r2017-05-30 00:00:00tC-1w2017-05-30yBK